Statistics for Number 2 by Region #2

Click here to take the quiz!

General Stats

  • This quiz has been taken 25 times
  • The average score is 10 of 15

Answer Stats

HintAnswer% Correct
Biggest country by AreaItaly
96%
Biggest country by populationSpain
96%
Biggest country by populationMexico
92%
Biggest country by areaArgentina
88%
Biggest city by populationRome
88%
Biggest city by populationSao Paulo
67%
Highest population densityItaly
63%
Biggest country by populationPhilippines
63%
Richest country by GDP per capitaMalta
58%
Biggest city by populationManila
58%
Biggest country by AreaMyanmar
58%
Richest country by GDP per capitaBrunei
46%
Highest population densityPhilippines
42%
Highest population densityHaiti
33%
Richest country by GDP per capitaBarbados
21%

Score Distribution

Percentile by Number Answered

Percent of People with Each Score

Your Score History

You have not taken this quiz